Mecánica agrícola /

Guardado en:
Autor Corporativo: Centro de Estudiantes de Agronomía.
Formato: Libro
Idioma:Spanish
Publicado: Buenos Aires : Federación Universitaria de Buenos Aires, 1939.
Etiquetas: Agregar Etiqueta
Sin Etiquetas, Sea el primero en etiquetar este registro!
LEADER 00473nam a22001335a 4500
001 EEA.libagro004606
005 20181108123323.0
008 130809s1939####ag############000#0#spa#d
082 0 4 |a 630.231 
110 2 |a Centro de Estudiantes de Agronomía. 
245 1 0 |a Mecánica agrícola /  |c Centro de Estudiantes de Agronomía. 
260 |a Buenos Aires :  |b Federación Universitaria de Buenos Aires,  |c 1939. 
300 |a 235 p. ;  |c 35 cm. 
859 |a AR-BbBCA  |b BIB. AGRONOMIA  |h 630.231  |i C397  |p 1992/1851